Responses for Show #8665 - Friday, June 17, 2022

Megan Wachspress game 4.

Contestants

[<< previous game]

Molly Fleming, a community organizer from Minneapolis, Minnesota

Sadie Goldberger, an interpreter from Columbia, Maryland

Megan Wachspress, an attorney from Berkeley, California (whose 3-day cash winnings total $34,402)

[next game >>]

Jeopardy! Round responses

HISTORIC ALLIANCES
WORDPLAY-POURRI
HOME SWEET HOME RENOVATION
THINK PINK
STATELY RIVERS
POP ROCKS
(Mayim: Since Father's Day is this weekend, this is something for the musical dads.)
    $200 8
NATO

Sadie
    $200 25
church

Sadie
    $200 9
an island

Megan
    $200 1
the Pink Panther

Megan
    $200 6
the Colorado

Megan
    $200 16
Mick Jagger

Molly
    $400 10
the Iroquois

Molly
    $400 26
penultimate

Megan
    $400 21
(Megan: What are eaves?)

a roof

MeganSadie
    $400 2
hot dogs

Sadie
    $400 7
(Megan: What is the Niagara?)

the Mississippi

MeganMolly
    $400 17
Kurt Cobain

Sadie
    $600 14
the Warsaw Pact

Molly
    $600 27
a centenarian

Megan
    $600 22
a tongue & groove (T&G)

Triple Stumper
    $600 3
Sweet'n Low

Sadie
    $600 11
the Missouri

Megan
    $600 18
Steven Tyler

Sadie
    $800 15
(Molly: What is the Boxer Rebellion?)
...
(Mayim: That is correct, where the Boxer Rebellion took place.)

China

SadieMolly
    $800 28
(Sadie: What is an auto...)

autopay & autopsy

MeganSadie
    $800 23
a farmhouse sink

Molly
    $800 4
Ralph Lauren

Megan
    $800 12
the Delaware

Triple Stumper
    $800 19
(George) Harrison

Sadie
    $1000 24
(Megan: What is Teotihuacan?)
(Sadie: What is Tenochitlan?)
...
(Mayim: [To Sadie] So close, you were missing a "T".)

Tenochtitlan

MeganSadie
Triple Stumper
    $1000 29
a Buffaloafer

Triple Stumper
    $1000 30
subway tile

Sadie
    $1000 5
a plumeria

Triple Stumper
    $1000 13
(Molly: What is the Hudson?)

the Connecticut River

Molly
Triple Stumper
    $1000 20
(Molly: Who is Iggy Pop?)
...
(Mayim: Megan's child is named for [*].)

David Bowie

SadieMolly

Scores at the first commercial break (after clue 15):

Megan Sadie Molly
$1,600 $2,000 -$400

Scores at the end of the Jeopardy! Round:

Megan Sadie Molly
$2,000 $4,600 -$400

Double Jeopardy! Round responses

SCI-FI CHARACTERS
HIS WIDOW LIVED ON
MARINE BIOLOGY
THE "IT" DEPARTMENT
THE QUOTABLE MOVIE
SUCH A PEASANT LIFE
    $400 1
tattoos

Molly
    $400 6
The Wizard of Oz

Molly
    $400 17
squid

Sadie
    $400 16
a straitjacket

Molly
    $400 11
(Mayim: [Imitating Schwarzenegger] [*].)
[Laughter]

The Terminator

Triple Stumper
    $400 21
honey

Molly
    $2,000 2
(Molly: Who is... the guy in the time machine?)

The Invisible Man

Molly
    $800 7
Egypt

Megan
    $800 22
the blowhole

Sadie
    $800 18
itinerary

Megan
    $800 12
Mean Girls

Megan
    $800 24
a Hundred Years' War

Molly
    $1200 3
Dune

Molly
    $1200 8
(Sadie: Who is Babe Ruth?)
(Molly: Who is Yogi Berra?)

Lou Gehrig

MeganSadieMolly
    $1200 28
the Suez Canal

Molly
    $1200 19
the partition

Triple Stumper
    $1200 13
Superbad

Sadie
    $1200 25
the Tower of London

Triple Stumper
    $1600 4
the Light Brigade

Megan
    $1600 9
Loesser

Triple Stumper
    $1600 29
(Sadie: What is an anemone?)

a sea urchin

SadieMolly
    $1600 20
longevity

Triple Stumper
    $1600 14
Fifty Shades of Grey

Sadie
    $1,500 26
(Molly: Who is... Boudica?)
...
(Mayim: Less than a minute.)

Guinevere

Molly
    $2000 5
Saint Isaac Leibowitz

Triple Stumper
    $2000 10
[Sadie said the name to rhyme with "jet".]

(Georges) Bizet

Sadie
    $2000 30
(Mayim: Also adorable.)

the sea otter

Triple Stumper
    $2000 23
entitlement

Molly
    $2000 15
There Will Be Blood

Megan
    $2000 27
a tanner

Sadie

Scores at the end of the Double Jeopardy! Round:

Megan Sadie Molly
$9,200 $9,800 $3,300

[wagering suggestions for these scores]

Final Jeopardy! Round responses

19th CENTURY CONTEMPORARIES
(Mayim: [To Sadie] It looks like you were going for [*], but you did not finish; so, unfortunately, that is not going to be acceptable.)
MollyWho is Harriet Tubman
$3,200
MeganWho is [Some letters scribbled out] Harriet Tubman?
$7,999
SadieWho is H S Harriett Tubma
$7,500
Harriet Tubman

Final scores:

Megan Sadie Molly
$17,199 $2,300 $6,500
4-day champion: $51,601 3rd place: $1,000 2nd place: $2,000

Game dynamics:

Coryat scores:

Megan Sadie Molly
$9,200 $9,800 $6,800
14 R,
3 W
17 R
(including 1 DD),
4 W
14 R,
6 W
(including 2 DDs)

Combined Coryat: $25,800

[game clues] [game scores] [suggest correction]

Game tape date: 2022-04-20
The J! Archive is created by fans, for fans. Scraping, republication, monetization, and malicious use prohibited; this site may use cookies and collect identifying information. See terms. The Jeopardy! game show and all elements thereof, including but not limited to copyright and trademark thereto, are the property of Jeopardy Productions, Inc. and are protected under law. This website is not affiliated with, sponsored by, or operated by Jeopardy Productions, Inc. Join the discussion at JBoard.tv.